<?xml version="1.0" encoding="UTF-8"?>
<record
    xmlns:xsi="http://www.w3.org/2001/XMLSchema-instance"
    xsi:schemaLocation="http://www.loc.gov/MARC21/slim http://www.loc.gov/standards/marcxml/schema/MARC21slim.xsd"
    xmlns="http://www.loc.gov/MARC21/slim">

  <leader>02786    a2200217   4500</leader>
  <controlfield tag="001">47934</controlfield>
  <controlfield tag="005">20260407155745.0</controlfield>
  <controlfield tag="008">260407a1966    arg                 spa d</controlfield>
  <controlfield tag="003">AR-UNSa-BCEJYS</controlfield>
  <datafield tag="040" ind1=" " ind2=" ">
    <subfield code="a">AR-UNSa-BCEJYS</subfield>
    <subfield code="b">spa</subfield>
    <subfield code="c">AR-UNSa-BCEJYS</subfield>
  </datafield>
  <datafield tag="080" ind1=" " ind2=" ">
    <subfield code="a">160.1</subfield>
    <subfield code="x">Naturaleza y funci&#xF3;n de la l&#xF3;gica</subfield>
  </datafield>
  <datafield tag="245" ind1="1" ind2="0">
    <subfield code="a">Historia de la l&#xF3;gica formal</subfield>
  </datafield>
  <datafield tag="264" ind1=" " ind2="1">
    <subfield code="a">Madrid :</subfield>
    <subfield code="b">Gredos</subfield>
    <subfield code="c">1966</subfield>
  </datafield>
  <datafield tag="300" ind1=" " ind2=" ">
    <subfield code="a">595 p.</subfield>
    <subfield code="c">24 cm.</subfield>
  </datafield>
  <datafield tag="505" ind1=" " ind2=" ">
    <subfield code="a">Primera Parte: Introducci&#xF3;n : 1. El concepto de l&#xF3;gica formal - 2. Rese&#xF1;a hist&#xF3;rica sobre la historia de la l&#xF3;gica - 3. El desarrollo de la l&#xF3;gica formal - 4. M&#xE9;todo y plan - 5. Terminolog&#xED;a  -- Segunda Parte: 6. Introducci&#xF3;n a la l&#xF3;gica griega - 7. Los comienzos - 8. Plat&#xF3;n - 9. La obra de Arist&#xF3;teles y sus problemas hist&#xF3;ricos-literarios - 10. Concepto de l&#xF3;gica. Semi&#xF3;tica - 11. Los t&#xF3;picos - 12. Teor&#xED;a de la oposici&#xF3;n: El principio de contradicci&#xF3;n : El principio de tercero excluido - 13. Silog&#xED;stica asert&#xF3;rica - 14. Axiomatizaci&#xF3;n de la silog&#xED;stica: otras leyes - 15. L&#xF3;gica modal - 16. Leyes y reglas no anal&#xED;ticas - 17. Teofrasto - 18. Panorama hist&#xF3;rico - 19. Concepto de l&#xF3;gica. Semi&#xF3;tica. Modalidades - 20. Factores sent&#xE9;nciales - 21. Argumentos y esquemas de inferencia - 22. Axiomatizaci&#xF3;n. Argumentos compuestos - 23. El mentiroso - 24. El periodo de los comentarios y los manuales  -- Tercera Parte: La forma escol&#xE1;stica de la l&#xF3;gica: 25. Introducci&#xF3;n a la l&#xF3;gica escol&#xE1;stica - 26. Objeto de la l&#xF3;gica - 27. La suposici&#xF3;n - 28. Ampliaci&#xF3;n, apelaci&#xF3;n, analog&#xED;a - 29. Estructura y sentido de la sentencia - 30. Concepto y divisi&#xF3;n de las consecuencias - 31. Consecuencias sent&#xE9;nciales - 32. Silog&#xED;stica asert&#xF3;rica - 33. Silog&#xED;stica modal - 34. Otras f&#xF3;rmulas - 35. Las antinomias  -- Cuarta Parte: Per&#xED;odo de transici&#xF3;n: 36. La l&#xF3;gica cl&#xE1;sica  -- Quinta Parte: La forma matem&#xE1;tica de la l&#xF3;gica: 37. Introducci&#xF3;n a la l&#xF3;gica matem&#xE1;tica - 38. El m&#xE9;todo de la l&#xF3;gica matem&#xE1;tica - 39. El concepto de la l&#xF3;gica - 40. El c&#xE1;lculo de Boole - 41. L&#xF3;gica sentencial: conceptos fundamentales y simbolismo - 42. Funci&#xF3;n, variable, valor de verdad - 43. Sistema de l&#xF3;gica sentencial - 44. L&#xF3;gica de los predicados - 45. L&#xF3;gica de las clases - 46. Existencia - 47. L&#xF3;gica de las relaciones - 48. El problema de las antinomias y la teor&#xED;a de los tipos - 49. Algunas doctrinas recientes - 50. Introducci&#xF3;n a la l&#xF3;gica india - 51. Los precursores - 52. Vaisesika Sutra y Nyaya Sutra - 53. G&#xE9;nesis de la l&#xF3;gica formal - 54. Algunas doctrinas 
 </subfield>
  </datafield>
  <datafield tag="942" ind1=" " ind2=" ">
    <subfield code="c">BK</subfield>
  </datafield>
  <datafield tag="590" ind1=" " ind2=" ">
    <subfield code="a">niveau_biblio:m niveau_hierar:0</subfield>
  </datafield>
  <datafield tag="100" ind1="1" ind2=" ">
    <subfield code="a">Bochenski, I.M.</subfield>
  </datafield>
  <datafield tag="700" ind1="1" ind2=" ">
    <subfield code="a">Bravo Lozano, Mill&#xE1;n</subfield>
  </datafield>
  <datafield tag="856" ind1="4" ind2="1">
    <subfield code="u">https://www.biblioeco.unsa.edu.ar/pmb/images/libros/L21889.jpg</subfield>
    <subfield code="y">Imagen de portada</subfield>
    <subfield code="q">image/jpeg</subfield>
  </datafield>
  <datafield tag="999" ind1=" " ind2=" ">
    <subfield code="c">4501</subfield>
    <subfield code="d">4501</subfield>
  </datafield>
  <datafield tag="952" ind1=" " ind2=" ">
    <subfield code="0">0</subfield>
    <subfield code="1">0</subfield>
    <subfield code="4">0</subfield>
    <subfield code="7">0</subfield>
    <subfield code="a">BCEJYS</subfield>
    <subfield code="b">BCEJYS</subfield>
    <subfield code="c">16</subfield>
    <subfield code="d">2026-04-07</subfield>
    <subfield code="l">0</subfield>
    <subfield code="o">160.1 B664</subfield>
    <subfield code="p">L21889</subfield>
    <subfield code="r">2026-04-07 15:57:45</subfield>
    <subfield code="w">2026-04-07</subfield>
    <subfield code="y">L</subfield>
  </datafield>
  <datafield tag="952" ind1=" " ind2=" ">
    <subfield code="0">0</subfield>
    <subfield code="1">0</subfield>
    <subfield code="4">0</subfield>
    <subfield code="7">0</subfield>
    <subfield code="a">BCEJYS</subfield>
    <subfield code="b">BCEJYS</subfield>
    <subfield code="c">16</subfield>
    <subfield code="d">2026-04-07</subfield>
    <subfield code="l">0</subfield>
    <subfield code="o">160.1 B664</subfield>
    <subfield code="p">L12444</subfield>
    <subfield code="r">2026-04-07 15:57:45</subfield>
    <subfield code="w">2026-04-07</subfield>
    <subfield code="y">L</subfield>
    <subfield code="z">TAPA UN POCO DESPEGADA</subfield>
  </datafield>
  <datafield tag="952" ind1=" " ind2=" ">
    <subfield code="0">0</subfield>
    <subfield code="1">0</subfield>
    <subfield code="4">0</subfield>
    <subfield code="7">0</subfield>
    <subfield code="a">BCEJYS</subfield>
    <subfield code="b">BCEJYS</subfield>
    <subfield code="c">16</subfield>
    <subfield code="d">2026-04-07</subfield>
    <subfield code="l">0</subfield>
    <subfield code="o">160.1 B664</subfield>
    <subfield code="p">L12443</subfield>
    <subfield code="r">2026-04-07 15:57:45</subfield>
    <subfield code="w">2026-04-07</subfield>
    <subfield code="y">L</subfield>
  </datafield>
</record>
